| 000 | 00838nam a2200253Ia 4500 | ||
|---|---|---|---|
| 003 | OSt | ||
| 005 | 20220923222628.0 | ||
| 006 | a|||||r|||| 00| 0 | ||
| 007 | ta | ||
| 008 | 220922b |||||||| |||| 00| 0 hin d | ||
| 024 | _a206,607 | ||
| 037 | _cTextual | ||
| 040 |
_aARTS _cARTS _bhin |
||
| 041 |
_2hin _ahin |
||
| 082 | _aO152,6M65:g, J9 | ||
| 100 | _aसत्यनसिंह | ||
| 245 | 0 | _aगद्यकार बाबू बालमुकुन्द गुप्त | |
| 246 | _aGadyakār bābū bālamukunda gupta | ||
| 260 |
_aआगरा _b विनोद पुस्तक मंदिर _c1959 |
||
| 300 |
_a526पृ. _ccm. |
||
| 650 |
_aहिन्दी साहित्य _9156264 |
||
| 942 |
_hO152,6M65:g, J9 _cTEXL _2CC |
||
| 999 |
_c357249 _d357249 |
||